| 000 | 00721nam a2200229 u 4500 | ||
|---|---|---|---|
| 005 | 20210223130245.0 | ||
| 008 | 070904s1980 r 000 0 eng d | ||
| 020 | _a9684270712 | ||
| 035 | _aUPN01000151641 | ||
| 049 | _aCG | ||
| 050 | 4 |
_aDS556.9 _bH6.7 |
|
| 100 | 1 | _aHo, Chi Minh | |
| 245 | 1 | 3 |
_aLa revolución vietnamita / _cHo Chi Minh, Le Duan, Truong Chinh ; selec., pról. y notas Gregorio Vidal. |
| 260 |
_aMéxico : _bNuestro Tiempo, _c1980. |
||
| 300 | _a238 p. | ||
| 440 | 1 | 3 | _aLa lucha por el poder |
| 651 | 4 |
_aVIETNAM (REPUBLICA DEMOCRATICA, 1946- ) - _xHISTORIA |
|
| 650 | 4 |
_aGUERRA DE VIETNAM, 1961-1975 _98212 |
|
| 700 | 1 |
_aLe, Duan, _ecoaut. |
|
| 700 | 1 |
_aTruong, Chinh, _ecoaut. |
|
| 905 | _aLibro | ||
| 999 |
_c123777 _d123777 |
||